00687nam a2200157Ia 4500008004100000020001900041041000800060082001100068100001800079245009600097260007200193300001800265650006300283999001900346952016400365230511s2013 xx 000 0 und d a978-1600583025 aeng a701.85 aPatti Mollica aColor Theory : An Essential Guide to Color- From basic Principles to Practical Applications aUSAbWalter foster Publishing ,an imprint of the Quarto Groupc2013 a64PB 23X15 cm aColor & it's Application in Motion Picture Photography (P) c354970d354970 00104070aSPPbSPPd2023-05-11eBharati Madh.Sah. Grahak Bhandar Ltd Pune-411030g672.00l2o701.85pSPP-440r2024-04-30 00:00:00s2024-04-06w2023-05-11yBK